Eastern Utah Libraries Catalog: Duchesne, Heber, Roosevelt, & Vernal

Beethoven's Christmas adventure / (Record no. 366109)

MARC details
000 -LEADER
fixed length control field 03344cgm a2200709Ma 4500
001 - CONTROL NUMBER
control field on1087887784
003 - CONTROL NUMBER IDENTIFIER
control field OCoLC
005 - DATE AND TIME OF LATEST TRANSACTION
control field 20211013145022.0
007 - PHYSICAL DESCRIPTION FIXED FIELD--GENERAL INFORMATION
fixed length control field vd mvairu
008 - FIXED-LENGTH DATA ELEMENTS--GENERAL INFORMATION
fixed length control field 181214t20162011cau090 vleng d
040 ## - CATALOGING SOURCE
Original cataloging agency LKC
Language of cataloging eng
Transcribing agency LKC
Modifying agency OCLCO
-- B@L
-- AZZPT
-- OCLCF
-- WACOL
019 ## -
-- 1088697852
024 1# - OTHER STANDARD IDENTIFIER
Standard number or code 191329036655
024 1# - OTHER STANDARD IDENTIFIER
Standard number or code 025192087684
028 42 - PUBLISHER NUMBER
Publisher number 468802
Source Universal
035 ## - SYSTEM CONTROL NUMBER
System control number (OCoLC)1087887784
Canceled/invalid control number (OCoLC)1088697852
037 ## - SOURCE OF ACQUISITION
Stock number MCA63116823D
050 14 - LIBRARY OF CONGRESS CALL NUMBER
Classification number PN1997.2
Item number .B4473 2011
082 04 - DEWEY DECIMAL CLASSIFICATION NUMBER
Classification number 791.43/72
Edition number 23
092 ## - LOCALLY ASSIGNED DEWEY CALL NUMBER (OCLC)
Classification number DVD
Item number Bee
049 ## - LOCAL HOLDINGS (OCLC)
Holding library WACL
245 00 - TITLE STATEMENT
Title Beethoven's Christmas adventure /
Statement of responsibility, etc Universal 1440 Entertainment presents ; produced by Jeff Freilich ; written by Steven Altiere & Daniel Altiere ; directed by John Putch.
260 ## - PUBLICATION, DISTRIBUTION, ETC. (IMPRINT)
Place of publication, distribution, etc Universal City, CA :
Name of publisher, distributor, etc Universal Studios Home Entertainment,
Date of publication, distribution, etc [2016]
264 #4 - Production, Publication, Distribution, Manufacture, and Copyright Notice.
Date of production, publication, distribution, manufacture, or copyr �2011
300 ## - PHYSICAL DESCRIPTION
Extent 1 videodisc (90 min.) :
Other physical details sound, color ;
Dimensions 4 3/4 in.
336 ## - Content Type
Content type term two-dimensional moving image
337 ## - Media type
Media type term video
338 ## - Carrier type
Carrier type term videodisc
500 ## - GENERAL NOTE
General note Title from container.
500 ## - GENERAL NOTE
General note Bonus features: deleted scenes; gag reel; Beethoven goes caroling.
508 ## - CREATION/PRODUCTION CREDITS NOTE
Creation/production credits note Music, Chris Bacon ; editor, John Gilbert ; production designer, Craig Sandells ; director of photography, Ross Berryman.
511 1# - PARTICIPANT OR PERFORMER NOTE
Participant or performer note Kyle Massey, Munro Chambers, Kim Rhodes, Robert Picardo, John O'Hurley, Curtis Armstrong, John Cleese, Tom Arnold.
520 ## - SUMMARY, ETC.
Summary, etc An all-new, heartwarming holiday adventure where the hilarious canine speaks for the first time! When Henry the elf flees the North Pole with Santa's sleigh and his magical bag of toys, he crash-lands the precious cargo in a suburban neighborhood tree. But when the bag ends up in the wrong hands, it's up to heroic Beethoven and his teenage pal, Mason to rescue Henry, fetch Santa's toys and save Christmas for children everywhere.
521 8# - TARGET AUDIENCE NOTE
Target audience note MPAA Rating: PG.
538 ## - SYSTEM DETAILS NOTE
System details note DVD; anamorphic widescreen (1.78:1); Dolby Digital; NTSC, region 1.
546 ## - LANGUAGE NOTE
Language note English, French or Spanish dialogue with optional subtitles in French or Spanish; English subtitles for the deaf and hard of hearing (SDH).
521 ## - TARGET AUDIENCE NOTE
Target audience note DVD
Source Donation
650 #0 - SUBJECT ADDED ENTRY--TOPICAL TERM
Topical term or geographic name as entry element Christmas plays.
650 #0 - SUBJECT ADDED ENTRY--TOPICAL TERM
Topical term or geographic name as entry element Dogs
Form subdivision Drama.
9 (RLIN) 5699115
650 #7 - SUBJECT ADDED ENTRY--TOPICAL TERM
Topical term or geographic name as entry element Christmas plays.
Source of heading or term fast
-- (OCoLC)fst00859836
9 (RLIN) 6430134
650 #7 - SUBJECT ADDED ENTRY--TOPICAL TERM
Topical term or geographic name as entry element Dogs.
Source of heading or term fast
-- (OCoLC)fst00896265
655 #7 - INDEX TERM--GENRE/FORM
Genre/form data or focus term Christmas films.
Source of term lcgft
9 (RLIN) 5675361
655 #7 - INDEX TERM--GENRE/FORM
Genre/form data or focus term Feature films.
Source of term lcgft
655 #7 - INDEX TERM--GENRE/FORM
Genre/form data or focus term Comedy films.
Source of term lcgft
655 #7 - INDEX TERM--GENRE/FORM
Genre/form data or focus term Christmas films.
Source of term fast
-- (OCoLC)fst01710287
9 (RLIN) 5675361
655 #7 - INDEX TERM--GENRE/FORM
Genre/form data or focus term Comedy films.
Source of term fast
-- (OCoLC)fst01710291
9 (RLIN) 6430135
655 #7 - INDEX TERM--GENRE/FORM
Genre/form data or focus term Drama.
Source of term fast
-- (OCoLC)fst01423879
655 #7 - INDEX TERM--GENRE/FORM
Genre/form data or focus term Feature films.
Source of term fast
-- (OCoLC)fst01710384
9 (RLIN) 6430136
700 1# - ADDED ENTRY--PERSONAL NAME
Personal name Massey, Kyle,
Dates associated with a name 1991-
9 (RLIN) 6229073
700 1# - ADDED ENTRY--PERSONAL NAME
Personal name Chambers, Munro.
9 (RLIN) 6229072
700 1# - ADDED ENTRY--PERSONAL NAME
Personal name Rhodes, Kim.
9 (RLIN) 6394743
700 1# - ADDED ENTRY--PERSONAL NAME
Personal name Picardo, Robert.
9 (RLIN) 51435
700 1# - ADDED ENTRY--PERSONAL NAME
Personal name O'Hurley, John.
9 (RLIN) 5839592
700 1# - ADDED ENTRY--PERSONAL NAME
Personal name Armstrong, Curtis.
9 (RLIN) 63492
700 1# - ADDED ENTRY--PERSONAL NAME
Personal name Arnold, Tom,
Dates associated with a name 1959-
9 (RLIN) 62461
700 1# - ADDED ENTRY--PERSONAL NAME
Personal name Freilich, Jeff.
9 (RLIN) 6188252
700 1# - ADDED ENTRY--PERSONAL NAME
Personal name Altiere, Steven.
9 (RLIN) 5674340
700 1# - ADDED ENTRY--PERSONAL NAME
Personal name Altiere, Daniel.
9 (RLIN) 5674339
710 2# - ADDED ENTRY--CORPORATE NAME
Corporate name or jurisdiction name as entry element Universal Pictures (Firm)
9 (RLIN) 19584
710 2# - ADDED ENTRY--CORPORATE NAME
Corporate name or jurisdiction name as entry element Universal Studios Home Entertainment (Firm)
9 (RLIN) 72642
994 ## -
-- C0
-- WACOL
Holdings
Withdrawn status Lost status Source of classification or shelving scheme Damaged status Not for loan Collection code Home library Current library Shelving location Date acquired Source of acquisition Total Checkouts Total Renewals Full call number Barcode Checked out Date last seen Date checked out Cost, replacement price Price effective from Koha item type
  Long Overdue (Lost) Dewey Decimal Classification     Holiday Movies Wasatch County Library Wasatch County Library Audio Visual Area 10/13/2021 Donation 7 8 DVD Bee 34301000651788 12/12/2024 11/22/2024 11/22/2024 9.80 10/13/2021 DVD
This project was made possible through a grant from the Institute of Museum and Library Service administered by the Utah State Library Division.

Wasatch County Library

  • 465 East 1200 South, Heber City, Utah 84032
  • Phone 435-654-1511 | Fax 435-654-6456

Hours

  • Monday - Friday 9:30 AM - 8:00 PM
  • Saturday 9:30 AM - 1:30 PM
  • Closed Sundays and Holidays